| 000 | 00651nam a2200229Ia 4500 | ||
|---|---|---|---|
| 003 | OSt | ||
| 005 | 20250714184349.0 | ||
| 008 | 210423s2011 xx 000 0 und d | ||
| 020 | _a9788120343696 | ||
| 040 | _cAL | ||
| 041 | _aEnglish | ||
| 082 |
_a070.4 _bSTOJ |
||
| 100 |
_aJames Glen Stovall _989736 |
||
| 245 |
_aJournalism _b: who what when where why and how |
||
| 260 |
_aNew Delhi _bPHI Learning Pvt Ltd _c2011 |
||
| 300 |
_axxiii,504p. _bPB _c23x17cm. |
||
| 365 |
_b450 _cINR |
||
| 650 |
_aJournalism _989737 |
||
| 650 |
_aJournalism & Media _989738 |
||
| 906 | _ahow. ; Journalism: ; what ; when ; where ; who ; why | ||
| 942 |
_2ddc _cBK |
||
| 999 |
_c160626 _d160626 |
||